00766nam a2200229 a 450000100060000000300090000600800410001502000180005604000280007404100080010210000410011024501210015125000110027226000360028330000220031950000440034165000230038565000350040865000360044370000240047970000330050325832CO-ViMGA141112s2004 ck r 000 u spa d a9789586652643 aCO-ViMGAbspacCO-ViMGA aSPA1 aStevenson, Robert Louis, 1850 - 189410aUn regalo de navidad / cRobert Louis Stevenson ; ilustraciones Tyto Alba ; traducción Juan Sebastián Cárdenas a1a ed. a[s.l.] : bPeriférica, c2013 a152 p. : il. byn. aTítulos originales : Markheim, Olalla14aAUTORES ESCOCESES 14aCUENTOS ESCOCESES - SIGLO XIX 14aLITERATURA ESCOCESA - SIGLO XIX1 aAlba, Tyto, 1975 - 1 aCárdenas, Juan Sebastián